This is not my home /

Lily is upset when her mother announces the family will be moving back to Taiwan to care for her Ah Ma, but when her mother explains Taiwan is her home, Lily agrees it is her home too.

Bibliographic Details
Main Authors: Yoh, Eugenia (Author, Illustrator), Chang, Vivienne (Author, Illustrator)
Format: Book
Language:English
Published: New York : Little, Brown and Company, 2023.
Edition:First edition.
Subjects:

MARC

Tag First Indicator Second Indicator Subfields
LEADER 00000cam a2200000 i 4500
001 in00004765421
003 OCoLC
005 20230601142637.4
008 211029t20232023nyua b 000 1 eng
010 |a  2021040244 
024 8 |a 40032075499 
040 |a DLC  |b eng  |e rda  |c DLC  |d BDX  |d YDX  |d TOH  |d JVK  |d UKMGB  |d TI2  |d HBP  |d OCLCQ  |d AZH  |d EHH  |d VP@  |d JQW  |d OCLCF  |d CHILD  |d YDX 
019 |a 1281466775  |a 1371945505  |a 1373884732 
020 |a 9780316377102  |q hardcover 
020 |a 0316377104  |q hardcover 
035 |a (OCoLC)1281789686  |z (OCoLC)1281466775  |z (OCoLC)1371945505  |z (OCoLC)1373884732 
042 |a pcc  |a cyac 
043 |a a-ch--- 
050 0 0 |a PZ7.1.C4823  |b Th 2023 
082 0 0 |a [E]  |2 23 
100 1 |a Yoh, Eugenia,  |e author,  |e illustrator. 
245 1 0 |a This is not my home /  |c by Eugenia Yoh and Vivienne Chang. 
250 |a First edition. 
264 1 |a New York :  |b Little, Brown and Company,  |c 2023. 
264 4 |c ©2023 
300 |a 1 volume (unpaged) :  |b color illustrations ;  |c 21 cm 
336 |a text  |b txt  |2 rdacontent 
336 |a still image  |b sti  |2 rdacontent 
337 |a unmediated  |b n  |2 rdamedia 
338 |a volume  |b nc  |2 rdacarrier 
521 |a Ages 4-8.  |b Little, Brown and Company. 
520 |a Lily is upset when her mother announces the family will be moving back to Taiwan to care for her Ah Ma, but when her mother explains Taiwan is her home, Lily agrees it is her home too. 
650 0 |a Home  |v Juvenile fiction. 
650 0 |a Moving, Household  |v Juvenile fiction. 
651 0 |a Taiwan  |v Juvenile fiction. 
650 1 |a Home  |v Fiction. 
650 1 |a Moving, Household  |v Fiction. 
651 1 |a Taiwan  |v Fiction. 
650 7 |a JUVENILE FICTION / General.  |2 bisacsh 
650 7 |a Home.  |2 fast  |0 (OCoLC)fst00959074 
650 7 |a Moving, Household.  |2 fast  |0 (OCoLC)fst01028534 
651 7 |a Taiwan.  |2 fast  |0 (OCoLC)fst01207854 
655 7 |a Fiction.  |2 fast  |0 (OCoLC)fst01423787 
655 7 |a Juvenile works.  |2 fast  |0 (OCoLC)fst01411637 
655 7 |a Picture books.  |2 fast  |0 (OCoLC)fst01726789 
655 7 |a Children's stories  |v Pictorial works.  |2 gsafd 
655 7 |a Picture books.  |2 lcgft 
700 1 |a Chang, Vivienne,  |e author,  |e illustrator. 
945 |b 933370 
947 |a A14852485722 
980 |b print  |c 40032075499  |g 565712  |k USD  |m 17.09  |q 1  |s AcqMono Conventional  |t Approval plan  |u Vendor order reference number  |v ZYBP  |y Print approval  |z Physical resource 
999 f f |i 6de994ad-bf1b-4abd-a2f5-e8fc83d5ef8d  |s d98187e8-ba13-4d75-8446-f3aefbcf856b  |t 0 
952 f f |p normal  |a Texas A&M University  |b College Station  |c Sterling C. Evans Library  |s Evans curr  |d Evans: Curriculum Collection (4th floor)  |t 0  |e PZ7.1.C4823 Th 2023  |h Library of Congress classification  |i unmediated -- volume  |m A14852485722